Statistics for MLB Team Names By Hint

Click here to take the quiz!

General Stats

  • This quiz has been taken 134 times
  • The average score is 23 of 30

Answer Stats

HintTeam% Correct
Blue BirdToronto Blue Jays
98%
Red BirdSt. Louis Cardinals
93%
"Go Go Power _______!"Texas Rangers
91%
Bloody StockingsBoston Red Sox
89%
Western SnakeArizona Diamondbacks
87%
ColorCincinnati Reds
87%
Alcohol MakersMilwaukee Brewers
87%
Mountain RangeColorado Rockies
86%
Big BoysSan Francisco Giants
85%
Baby MammalChicago Cubs
84%
Striped KittyDetroit Tigers
84%
God's GuardiansLos Angeles Angels
84%
They Want To Steal The BootyPittsburgh Pirates
84%
ProtectorsCleveland Guardians
83%
Related To The SwordfishMiami Marlins
83%
Same Birthday, Same FamilyMinnesota Twins
83%
King, Queen, Prince, etc.Kansas City Royals
81%
Black BirdBaltimore Orioles
78%
Not ScaredAtlanta Braves
77%
Northern State CitizenNew York Yankees
72%
Ship NavigatorsSeattle Mariners
71%
Mom And DadSan Diego Padres
69%
Only In AmericaWashington Nationals
69%
Killed Steve IrwinTampa Bay Rays
68%
Celestial ObjectsHouston Astros
58%
Physical TraitOakland Athletics
57%
Clean MocasinsChicago White Sox
55%
"Tax _______"Los Angeles Dodgers
55%
Short For An AreaNew York Mets
55%
Benjamin Franklin Is ThisPhiladelphia Phillies
55%

Score Distribution

Percentile by Number Answered

Percent of People with Each Score

Your Score History

You have not taken this quiz